00668 2200241 4500001002100000005001700021008004100038035002400079040001200103082001000115084001800125090002000143100002100163245009500184250001100279260003300290300002800323650002100351700001200372850001200384990001500396990001500411YOGYA-0209000006754220170214085233.0 ind  0010-020900000067542 aYOPDYOG a028.5 aK 028.5 Bas T a028.5bBas TlK aBASIR, Lies, Ibu aTerampil membentuk :bbidang Pengembangan daya cipta /cIbu Lies Basir ; ilustrasi Hartono aCet. 1 aKlatenbIntan Pariwarac1988 aiv, 18 hlmbilusc20 cm aBacaan bergambar aHartono aYOPDYOG a72973-P/95 a72974-P/95